জাতীয় শিক্ষা কমিশনের রিপোর্ট-১৯৫৯ / (Record no. 28502)
[ view plain ]
| 000 -LEADER | |
|---|---|
| fixed length control field | 01209nam a2200229 a 4500 |
| 001 - CONTROL NUMBER | |
| control field | 28502 |
| 003 - CONTROL NUMBER IDENTIFIER | |
| rucl marc code | BD-RjUL |
| 005 - DATE AND TIME OF LATEST TRANSACTION | |
| control field | 20211209051306.0 |
| 008 - FIXED-LENGTH DATA ELEMENTS--GENERAL INFORMATION | |
| fixed length control field | 181028s1959 pk a b 001 0 ben d |
| 035 ## - SYSTEM CONTROL NUMBER | |
| System control number | (BD-RjUL)28583 |
| 040 ## - CATALOGING SOURCE | |
| Original cataloging agency | DLC |
| Language of cataloging | eng |
| Transcribing agency | DLC |
| Modifying agency | BD-RjUL |
| 041 ## - LANGUAGE CODE | |
| Language code of text/sound track or separate title | eng |
| 082 ## - DEWEY DECIMAL CLASSIFICATION NUMBER | |
| Classification number | 379.549 |
| Author mark and year | PAJ 1959 |
| Edition number | 23 |
| 110 ## - MAIN ENTRY--CORPORATE NAME | |
| Corporate name or jurisdiction name as entry element | পাকিস্তান |
| Subordinate unit | শিক্ষা দফতর. জাতীয় শিক্ষা কমিশন |
| 9 (RLIN) | 224298 |
| 245 ## - TITLE STATEMENT | |
| Title | জাতীয় শিক্ষা কমিশনের রিপোর্ট-১৯৫৯ / |
| Statement of responsibility, etc. | পাকিস্তান। শিক্ষা দফতর । জাতীয় শিক্ষা কমিশন ; এস. এম শরীফ ...[এবং অন্যান্য] |
| 260 ## - PUBLICATION, DISTRIBUTION, ETC. (IMPRINT) | |
| Place of publication, distribution, etc. | [করাচী: |
| Name of publisher, distributor, etc. | সরকারী প্রিন্ট্রিং প্রেস. |
| Date of publication, distribution, etc. | ১৯৫৯] |
| 300 ## - PHYSICAL DESCRIPTION | |
| Pagination | [৬], ৪৩০ পৃ. ; |
| Size | ২৪ সেমি. |
| 650 ## - SUBJECT ADDED ENTRY--TOPICAL TERM | |
| Topical term or geographic name as entry element | শিক্ষা নীতি |
| Geographic subdivision | পাকিস্তান |
| Chronological subdivision | ১৯৫৯ |
| 9 (RLIN) | 224299 |
| Topical term or geographic name as entry element | Education Policy |
| Geographic subdivision | Pakistan |
| Chronological subdivision | 1959 |
| 9 (RLIN) | 224300 |
| 700 ## - ADDED ENTRY--PERSONAL NAME | |
| Personal name | শরীফ, এস. এম ...[এবং অন্যান্য] |
| 942 ## - ADDED ENTRY ELEMENTS (KOHA) | |
| Source of classification or shelving scheme | Dewey Decimal Classification |
| Koha item type | Rare Books |
| Lost status | Source of classification or shelving scheme | Damaged status | Not for loan | Collection code | Permanent Location | Current Location | Shelving location | Date acquired | Source of acquisition | Total Checkouts | Full call number | Date last seen | Copy number | Koha item type |
|---|---|---|---|---|---|---|---|---|---|---|---|---|---|---|
| Dewey Decimal Classification | Not For Loan | Rare Books | Central Library, University of Rajshahi | Central Library, University of Rajshahi | Rare Book Section | 16/09/1968 | Author | BRA 379.549 PAJ 1959 | 28/10/2018 | C-1 | Rare Books | |||
| Dewey Decimal Classification | Non-fiction | Central Library, University of Rajshahi | Central Library, University of Rajshahi | General Stacks | 27/01/1962 | Mango Publication, Karachi | B 379.549 PAJ 1959 | 27/10/2022 | C-2 | Rare Books | ||||
| Dewey Decimal Classification | Non-fiction | Central Library, University of Rajshahi | Central Library, University of Rajshahi | General Stacks | 28/01/1974 | N/A | BRA 379.549 PAJ 1959 | 10/11/2022 | C-3 | Rare Books | ||||
| Dewey Decimal Classification | Non-fiction | Central Library, University of Rajshahi | Central Library, University of Rajshahi | General Stacks | 04/04/2009 | RUCL | B 379.549 PAJ 1959 | 15/11/2022 | C-4 | Rare Books | ||||
| Dewey Decimal Classification | Not For Loan | Non-fiction | Central Library, University of Rajshahi | Central Library, University of Rajshahi | Rare Book Section | 28/01/1974 | BRA 379.549 PAJ 1959 | 10/07/2025 | C-5 | Rare Books |